00451nam a2200133Ia 4500008004100000082001300041100003000054245012000084260003900204300001600243520001100259650002800270700001900298230907s9999||||xx |||||||||||||| ||und|| a697bAHM aAhmad Jamil (00000206977) 0aProbabilistic Modelling, Advanced Exergy Analysis, and Cooling Water Optimization of a Combined Cycle Power Plant / aUSPCAS-E, NUST,bIslamabad :c2021 axiii, 43 p. aTH-261 aMS-TEE Thesis MS Thesis aDr Adeel Javed